Statistics for Every Chelsea Transfer Since they Last Won the League

Click here to take the quiz!

General Stats

  • This quiz has been taken 27 times
    (11 since last reset)
  • The average score is 44 of 55

Answer Stats

PlayerNationalityFromCountryYearFee% Correct
Álvaro MorataSpanishReal MadridSpain2017€66m
100%
Antonio RudigerGermanAS RomaItaly2017€35m
100%
Benoit BadiashileFrenchMonacoFrance2022€38m
100%
Christian PulisicAmericanBorussia DortmundGermany2018€64m
100%
Christopher NkunkuFrenchRb LeipzigGermany2023€60m
100%
David Datro FofanaIvorianMoldeNorway2022€12m
100%
Enzo FernándezArgentinianBenficaPortugal2022€121m
100%
JorginhoItalianNapoliItaly2018€57.8m
100%
Kai HavertzGermanBayer LeverkusenGermany2020€80m
100%
Kepa ArrizabalagaSpanishAthletic BilbaoSpain2018€80m
100%
Malo GUstoFrenchOlympique LyonFrance2022€30m
100%
Mateo KovacicCroatianReal MadridSpain2018Loan
100%
Mateo KovacicCroatianReal MadridSpain2019€45m
100%
Moisés CaicedoEcuadoranBrighton & Hove AlbionEngland2023€116m
100%
Mykhaylo MudrykUkrainianShakhtar DonetskUkraine2022€70m
100%
Nicolas JacksonSenegaleseVillarrealSpain2023€37m
100%
Raheem SterlingEnglishManchester CityEngland2022€56.2m
100%
Romelu LukakuBelgianInter MilanItaly2021€113m
100%
Roméo LaviaBelgianSouthamptonEngland202362.1m
100%
Timo WernerGermanRb LeipzigGermany2020€53m
100%
Wesley FofanaFrenchLeicester CityEngland2022€80.4m
100%
Axel DisasiFrenchMonacoFrance2023€45m
89%
Ben ChilwellEnglishLeicester CityEngland2020€50.2m
89%
Cole PalmerEnglishManchester CityEngland2023€47m
89%
Danny DrinkwaterEnglishLeicester CityEnglish2017€37.9m
89%
Edouard MendySenegaleseRennesFrance2020€24m
89%
Hakim ZiyechMoroccanAjaxNetherlands2020€40m
89%
Kalidou KoulibalySenegaleseNapoliItaly2022€38m
89%
Marc CucurellaSpanishBrighton & Hove AlbionEngland2022€65.3m
89%
Noni MaduekeEnglishPSV EindhovenNetherlands2022€35m
89%
Tiemoué BakayokoFrenchMonacoFrance2017€40m
89%
Andrey SantosBrazilianVasco de GamaBrazil2022€12.5m
78%
Carney ChukweumekaEnglishAston VillaEngland2022€18m
78%
Djordje PetrovicSerbiaNew England RevolutionUnited States2023€14m
78%
Joao FélixPortugueseAtlético MadridSpain2022Loan + €11m
78%
Olivier GiroudFrenchArsenalEngland2017€17m
78%
Robert SánchezSpanishBrighton & Hove AlbionEngland2023€23m
78%
Thiago SilvaBrazilianPSGFrance2020Free
78%
Ethan AmpaduWelshExeter CityEngland2017€2.8m
67%
Gonzalo HiguaínArgetinianJuventusItaly2018Loan + €7.8m
67%
Pierre-Emerick AubameyangGaboneseBarcelonaSpain2022€12m
67%
Ross BarkleyEnglishEvertonEngland2017€16.8m
67%
Saúl NíguezSpanishAtlético MadridSpain2021Loan + €5m
67%
ÁngeloBrazilianSantosBrazil2023€15m
56%
Denis ZakariaSwissJuventusItaly2022Loan + €3m
56%
Emerson PalmieriItalianAS RomaItaly2017€20m
56%
Gabriel SloninaAmericanChicago FireUnited States2022€9.09m
56%
Lesley UgochuckwuFrenchRennesFrance2023€27m
56%
Marcus BettinelliEnglishFulhamEngland2021Free
56%
Willy CaballeroArgetinianManchester CityEngland2017Free
56%
Davide ZappacostaItalianTorinoItaly2017€25m
44%
Deivid WashingtonBrazilianSantosBrazil2023€16m
33%
Rob GreenEnglishHuddersfield TownEngland2018Free
33%
Malang SarrFrenchOGC NiceFrance2020Free
22%
Diego MoreiraPortugueseBenfica BPortugal2023Free
11%

Score Distribution

Percentile by Number Answered

Percent of People with Each Score

Your Score History

You have not taken this quiz since the last reset